| 000 | 00506nam a2200181Ia 4500 | ||
|---|---|---|---|
| 005 | 20250117000638.0 | ||
| 008 | 240331s9999 xx 000 0 und d | ||
| 020 | _a041507620X | ||
| 082 |
_bJEF _23580 _a305.3 |
||
| 100 | _aHearn, J | ||
| 245 | 0 |
_aMen in the Public Eye: _bThe construction and deconstruction of public men and public patriarchies |
|
| 260 |
_aLondon _aNew York _bRoutledge _c1992 |
||
| 300 | _axii, 292 p., | ||
| 650 | _aMen | ||
| 650 | _aPatriarchy | ||
| 650 | _aMasculinity | ||
| 942 | _cL | ||
| 999 |
_c1584 _d1584 |
||